| 000 | 00435nam a22001457a 4500 | ||
|---|---|---|---|
| 003 | OSt | ||
| 005 | 20260307133615.0 | ||
| 082 |
_a631.587 _bARA/PO |
||
| 088 | _aT 699 | ||
| 100 |
_aAravind P _97894 |
||
| 245 | _a POTENTIAL SITE SELECTION FOR WATER HARVESTING IN A MICRO WATERSHED WITH FUTURE WATER BALANCE PERSPECTIVES | ||
| 260 |
_aTavanur _bSWCE _c2026 |
||
| 856 | _uhttp://14.139.181.140:8080/jspui/handle/123456789/2191 | ||
| 942 | _cTH | ||
| 999 |
_c19623 _d19623 |
||